00346nam a2200097Ia 4500008004000000082001500040100002200055245009300077260007000170300000800240210210b1973 xxu||||| |||| 00| 0 eng d a306.7 GORS aGORER (Geoffrey). aSex and marriage in England today: a study of the views and experience of the under-45s. aGreat Britain.bPanther Books Ltd.,Granada Publishing Ltd.,c1973 a380